Countdown to first certificate
Bewaard in:
| Hoofdauteur: | |
|---|---|
| Formaat: | Boek |
| Taal: | Undetermined |
| Gepubliceerd in: |
Oxford
Oxford University Press
1999
|
| Onderwerpen: | |
| Tags: |
Voeg label toe
Geen labels, Wees de eerste die dit record labelt!
|
| Thư viện lưu trữ: | Trung tâm Học liệu Trường Đại học Cần Thơ |
|---|
| LEADER | 00637nam a2200193Ia 4500 | ||
|---|---|---|---|
| 001 | CTU_120774 | ||
| 008 | 210402s9999 xx 000 0 und d | ||
| 082 | |a 428.34 | ||
| 082 | |b D836/Cas.1 | ||
| 100 | |a Duckworth, Michael | ||
| 245 | 0 | |a Countdown to first certificate | |
| 245 | 0 | |c Michael Duckworth, Kathy Gude | |
| 260 | |a Oxford | ||
| 260 | |b Oxford University Press | ||
| 260 | |c 1999 | ||
| 650 | |a English language,English language,Test of english as a foreign language | ||
| 650 | |x Study and teaching,Textbooks for foreign speakers,Study guides | ||
| 904 | |i M.Loan | ||
| 980 | |a Trung tâm Học liệu Trường Đại học Cần Thơ | ||